Every Seth Rollins WWE PPV Opponents - Statistics

General Stats
  • This quiz has been taken 486 times
    372 since last reset
  • The average score is 200 of 241
Answer Stats
Event Wrestler % Correct
Battleground 2016 | Elimination Chamber 2015 | Hell in a Cell 2014 | +7 others Dean Ambrose
99%
Battleground 2016 | Elimination Chamber 2018 | Extreme Rules 2017 | +8 others Roman Reigns
99%
Extreme Rules 2014 | Extreme Rules 2015 | Payback 2013 | +5 others Randy Orton
97%
Elimination Chamber 2013 | Elimination Chamber 2018 | Night of Champions 2015 | +4 others John Cena
96%
Battleground 2015 | Day 1 2022 | Elimination Chamber 2022 | +5 others Brock Lesnar
95%
Battleground 2013 | Hell in a Cell 2013 | Hell in a Cell 2022 | +3 others Cody Rhodes
95%
Extreme Rules 2013 | Fastlane 2015 | Hell in a Cell 2015 | +3 others Kane
95%
Crown Jewel 2023 | Fastlane 2019 | Hell in a Cell 2018 | +8 others Drew McIntyre
94%
Extreme Rules 2014 | Payback 2014 | WrestleMania 33 Triple H
94%
Crown Jewel 2019 | Elimination Chamber 2014 | Extreme Rules 2017 | +3 others Bray Wyatt
93%
Elimination Chamber 2022 | Money in the Bank 2019 | Night of Champions 2023 | +2 others AJ Styles
92%
Fastlane 2015 | Survivor Series 2014 | WrestleMania 29 Big Show
92%
Elimination Chamber 2018 | Extreme Rules 2017 | Greatest Royal Rumble | +5 others Finn Balor
92%
Clash of Champions 2019 | Crown Jewel 2018 | Extreme Rules 2018 | +6 others Dolph Ziggler
91%
Elimination Chamber 2013 | Money in the Bank 2022 | No Mercy 2017 | +6 others Sheamus
91%
Battleground 2013 | Hell in a Cell 2013 | Survivor Series 2013 Goldust
90%
Clash of Champions 2016 | Day 1 2022 | Hell in a Cell 2016 | +2 others Kevin Owens
90%
Backlash 2018 | Greatest Royal Rumble | TLC 2017 | WrestleMania 34 The Miz
90%
Clash of Champions 2019 | Elimination Chamber 2018 | Fastlane 2017 | +5 others Braun Strowman
89%
TLC 2013 CM Punk
89%
Extreme Rules 2020 | Payback 2020 | Survivor Series 2013 Rey Mysterio
89%
Hell in a Cell 2021 | No Mercy 2017 | Royal Rumble 2018 | +3 others Cesaro
87%
Elimination Chamber 2023 | Money in the Bank 2024 | Survivor Series 2019 | Survivor Series 2023 Damian Priest
87%
Payback 2020 | SummerSlam | Survivor Series 2023 Dominik Mysterio
87%
Day 1 2022 | Money in the Bank 2021 | Survivor Series 2017 Big E
86%
Extreme Rules 2013 | Payback 2013 | TLC 2012 Daniel Bryan
86%
Hell in a Cell 2013 | Survivor Series 2013 Jey Uso
86%
Elimination Chamber 2013 | Survivor Series 2014 | TLC 2012 Ryback
86%
Elimination Chamber 2014 | Survivor Series 2014 Erick Rowan
85%
Hell in a Cell 2013 | Survivor Series 2013 Jimmy Uso
85%
Money in the Bank 2014 | Survivor Series 2017 Kofi Kingston
85%
WrestleMania 40 The Rock
85%
Elimination Chamber 2014 Luke Harper
84%
Crown Jewel 2018 | Day 1 2022 | Elimination Chamber 2022 | +2 others Bobby Lashley
82%
Extreme Rules 2014 | Payback 2014 Batista
81%
Survivor Series 2017 | Survivor Series 2021 Xavier Woods
81%
Extreme Rules 2019 | Fastlane 2019 | Stomping Grounds | +3 others Baron Corbin
77%
Royal Rumble 2023 | WrestleMania 39 Logan Paul
77%
Money in the Bank 2022 Sami Zayn
77%
Fastlane 2021 | Fastlane 2023 | Money in the Bank 2021 | +2 others Shinsuke Nakamura
75%
Elimination Chamber 2022 | Elimination Chamber 2023 | Money in the Bank 2022 | Survivor Series 2022 Austin Theory
72%
Crown Jewel 2021 | Royal Rumble 2021 | SummerSlam 2021 Edge
72%
Clash at the Castle | Extreme Rules 2022 Matt Riddle
70%
Elimination Chamber 2022 | Money in the Bank 2021 | Money in the Bank 2022 | Survivor Series 2020 Riddle
70%
Extreme Rules 2017 | Greatest Royal Rumble | Payback 2017 Samoa Joe
68%
Roadblock: End of the Line Chris Jericho
67%
Survivor Series 2016 Shane McMahon
66%
Survivor Series 2019 WALTER
66%
Night of Champions 2015 Sting
65%
WrestleMania 30 Road Dogg
63%
Survivor Series 2019 | Survivor Series 2020 Keith Lee
62%
WrestleMania 30 Billy Gunn
61%
Crown Jewel 2024 | Elimination Chamber 2023 Bronson Reed
58%
Survivor Series 2023 JD McDonagh
58%
Backlash 2023 | Money in the Bank 2022 Omos
56%
Survivor Series 2019 Chad Gable
53%
Survivor Series 2019 Tomasso Ciampa
52%
Survivor Series 2021 Jeff Hardy
50%
Clash of Champions 2019 Robert Roode
50%
Survivor Series 2019 Mustafa Ali
49%
Elimination Chamber 2018 | Money in the Bank 2018 Elias
48%
Extreme Rules 2019 Lacey Evans
48%
Money in the Bank 2021 Ricochet
48%
Night of Champions 2013 Titus O'Neil
48%
Night of Champions 2013 Darren Young
45%
Elimination Chamber 2023 Johnny Gargano
45%
Elimination Chamber 2020 | Elimination Chamber 2023 | Super ShowDown 2020 Montez Ford
45%
Money in the Bank 2014 Rob Van Dam
40%
Money in the Bank 2014 Jack Swagger
39%
Money in the Bank 2021 John Morrison
38%
Elimination Chamber 2020 | Super ShowDown 2020 Angelo Dawkins
36%
Survivor Series 2019 Matt Riddle
23%
Money in the Bank 2022 Madcap Moss
22%
WrestleMania 31 Seth Rollins
16%
No matching quizzes found
Score Distribution
Percent of People with Each Score
Percentile by Number Answered
Your Score History
You have not taken this quiz since the last reset